00269 a2200109 450000100060000008200160000610000380002224500410006026000230010130000150012450000200013992413 a624.171 SIM aSimitse George J ; Dewey H Hodges aFundamentals of Structural Stability aUKbElseveirc2006 axii, 390p. aTechnical Books